| 000 | 00558nam a2200181 4500 | ||
|---|---|---|---|
| 008 | 151012b xxu||||| |||| 00| 0 eng d | ||
| 020 | _a0324316941 | ||
| 050 | _aHD 30.28 .H58 2007 | ||
| 100 |
_aHitt Micheal A. _d2007 |
||
| 245 |
_aStrategic Management: _bCompetitiveness and Globalization/ _cMicheal A. Hitt.- |
||
| 250 | _a7th ed.: | ||
| 260 |
_aBrazil; _bThomson South - Western, _c2007. |
||
| 300 |
_axxvii, 367p.: ill. _bIncludes Index, |
||
| 650 | _aManagement | ||
| 700 | _aIreland, R. Duane | ||
| 700 | _aHoskisson, Robert E. | ||
| 942 |
_2lcc _cBOOKS |
||
| 999 |
_c8361 _d8361 |
||